Statistiques concernant Villes sportives françaises

Cliquez ici pour prendre le quiz!

Statistiques générales

  • Ce quiz a été pris 294 fois
  • Le résultat moyen est 24 sur 49

Statistiques - réponses

Ligue 1Top 14ÉliteStarLigueVille% Correct
Paris
99%
Lyon
91%
Marseille
91%
Toulouse
91%
Lille
90%
Bordeaux
84%
Rennes
84%
Montpellier
83%
Strasbourg
81%
Nantes
80%
Brest
79%
Clermont-Ferrand
78%
Nice
78%
Toulon
75%
Monaco
71%
Lens
69%
Metz
68%
Reims
65%
Le Havre
64%
Pau
62%
La Rochelle
60%
Bayonne
59%
Lorient
58%
Perpignan
56%
Dijon
53%
Nancy
51%
Nîmes
48%
Castres
46%
Limoges
41%
Dunkerque
40%
Le Mans
36%
Villeurbanne
35%
Oyonnax
33%
Nanterre
32%
Chambéry
30%
Bourg-en-Bresse
25%
Cholet
23%
Aix-en-Provence
17%
Chartres
16%
Blois
15%
Creteil
14%
Roanne
14%
Ivry
11%
St-Raphaël
10%
St-Quentin
9%
Le Portel
8%
Chalon-sur-Saône
7%
Saran
6%
Levallois-Perret
5%

Distribution des résultats

Percentile par nombre de réponses

% des personnes avec chaque résultat

Votre développement - résultats

Vous n’avez pas pris ce quiz